000
00293nam a22001337a 4500
008
181217b xxu||||| |||| 00| 0 eng d
020
_a
9780534123727
041
_a
eng
080
_2
3rd
_a
510
100
_a
36
101
_a
MAT
245
_a
Numerical Analysis
_c
Maron,M.J
942
_2
udc
_c
BK
999
_c
53333
_d
53333